00788nam a22002414a 450000500170000000800410001701000140005802000260007203500130009803700150011104000180012608200120014410000200015624501120017626000540028827000560034230000350039850000190043365000270045265000270047965000230050665000170052920090728135552.0020531s2003 wiua 001 0 eng  aENG-94582 a9788185984315c300.00 aEN-78115 bDBAD / PUB adplbEnglish  a658.406 aLareau, William aOffice kaizen :btransforming office operations into a strategic competitive advantage /cby William Lareau aMadras bProductivity & Quality Publishing c2009 a38, Thanikachalam Road, T. Nagar, bMadras e600017 ax, 174p. :bill. ;c23cm(pbk)  aIncludes index aOrganizational change. aIndustrial efficiency. aCorporate culture. aCompetition.